Quaternionic closed operators, fractional powers and fractional diffusion process (Record no. 754993)

MARC details
000 -LEADER
fixed length control field 00585nam a22001817a 4500
020 ## - INTERNATIONAL STANDARD BOOK NUMBER
ISBN 9783030164119
100 ## - MAIN ENTRY--AUTHOR NAME
Personal name Colombo, Fabrizio
245 ## - TITLE STATEMENT
Title Quaternionic closed operators, fractional powers and fractional diffusion process
260 ## - PUBLICATION, DISTRIBUTION, ETC. (IMPRINT)
Place of publication London
Name of publisher Birkhauser
Year of publication 2019
300 ## - PHYSICAL DESCRIPTION
Number of Pages viii+322
490 ## - SERIES STATEMENT
Series statement Operator theory: Advances and applications
500 ## - GENERAL NOTE
General note Operator theory advances and applications Vol 274
650 ## - SUBJECT ADDED ENTRY--TOPICAL TERM
Topical Term Vector operator
650 ## - SUBJECT ADDED ENTRY--TOPICAL TERM
Topical Term Spectral theory
700 ## - ADDED ENTRY--PERSONAL NAME
Personal name Gantner, Jonathan
942 ## - ADDED ENTRY ELEMENTS (KOHA)
Source of classification or shelving scheme Dewey Decimal Classification
Koha item type Book
Holdings
Withdrawn status Lost status Source of classification or shelving scheme Damaged status Not for loan Collection code Home Library Current Location Shelving location Date acquired Source of acquisition Cost, normal purchase price Full call number Accession Number Price effective from Koha item type
    Dewey Decimal Classification     Gift or donation Dept. of Mathematics Dept. of Mathematics General Stacks 08/01/2026 Donated by Dr. Krishna Kumar G on the completion of SERB sponsored project (UO. No: Ad.F1/1373/2021 dated 22/01/2024) 7921.07 515.724 COL-Q MATG237 12/01/2026 Book